000 00530nam a2200157 4500
999 _c17015
_d17015
008 220526b ||||| |||| 00| 0 eng d
022 _a0117-3308
082 _aDPer 004.1105 C73 Sept 2010 - April 2011 v. 20 n. 3-9
100 _aEgan, Matt.
_945269
245 _aBuyers' guide:
_bhow to buy software/
_cMatt Egan.
260 _aPhilippines:
_bSchneider Electric,
_c©2010-2011.
300 _av20 n9, page 36:
_bcolor illustrations;
_c27 cm.
500 _aComputer world.
650 _aComputer software.
_945271
942 _2ddc
_cPER